| 000 | 00638nam a2200217Ii 4500 | ||
|---|---|---|---|
| 001 | 855 | ||
| 003 | CO-ViMGA | ||
| 008 | 241108s9999||||xx |||||||||||||| ||und|| | ||
| 020 | _a9586331822 | ||
| 040 |
_aCO-ViMGA _bspa _erda _cCO-ViMGA |
||
| 041 | 0 | _aspa | |
| 084 | _aN DAU1 | ||
| 100 | 1 |
_aAlphonse Daudet _944566 |
|
| 245 | 1 | 0 | _aAventuras prodigiosas de Tartarín de Tarascón |
| 264 | 1 | _a[Lugar de publicación no identificado] : Rei Andes, 2000 | |
| 300 | _avolumen | ||
| 336 |
_atext _btxt _2rdacontent |
||
| 337 |
_aunmediated _bn _2rdamedia |
||
| 338 |
_avolume _bnc _2rdacarrier |
||
| 940 | _aidficha_siabuc: 838. -- ficha_no_siabuc:855 | ||
| 999 |
_c39031 _d39031 |
||